Fernando Botero (Record no. 1613)

MARC details
000 -LEADER
campo de control de longitud fija 01086nam a2200145 4500
008 - DATOS DE LONGITUD FIJA--INFORMACIÓN GENERAL
campo de control de longitud fija 180912b xxu||||| |||| 00| 0 eng d
020 ## - NÚMERO INTERNACIONAL ESTÁNDAR DEL LIBRO
Número Internacional Estándar del Libro 9789585767102
082 ## - NÚMERO DE LA CLASIFICACIÓN DECIMAL DEWEY
Número de clasificación 759.986.1
Número de ítem P123f
100 ## - ENTRADA PRINCIPAL--NOMBRE DE PERSONA
Nombre de persona Padilla, Christian
9 (RLIN) 6663
245 ## - MENCIÓN DEL TÍTULO
Título Fernando Botero
Resto del título la búsqueda del estilo: 1949-1963
260 ## - PUBLICACIÓN, DISTRIBUCIÓN, ETC.
Lugar de publicación, distribución, etc. Colombia
Nombre del editor, distribuidor, etc. Tangrama
Fecha de publicación, distribución, etc. 2012
300 ## - DESCRIPCIÓN FÍSICA
Extensión 199 p.
Otras características físicas ill (col)
Dimensiones 29 x 25 cm
505 ## - NOTA DE CONTENIDO CON FORMATO
Título Revelando los inicios de una carrera excepcional
Mención de responsabilidad Edward J. Sullivan
Título Exordio
-- Formación en Colombia: 1949-1952
-- Pensamiento y contexto intelectual
-- Ruptura con la provincia y viaje a la capital
-- La experiencia europea y el regreso a Colombia: 1952-1955
-- Descubriendo el renacimiento
-- Desilusión y replanteamientos formales
-- La influencia de Obregón
-- Primera época de Lámpara
-- Consagración y consolidación del estilo: 1956-1963
-- Monumentalidad y experiencia mexicana
-- Anatomía boteriana
-- Expresionismo y "feísmo"
-- Segunda época de Lámpara
-- Nueva figuración y nuevos temas
-- Nueva York y la última revolución personal
650 ## - PUNTO DE ACCESO ADICIONAL DE MATERIA--TÉRMINO DE MATERIA
Subdivisión general pintura
-- Colombia
-- pintores colombianos
-- catálogos
9 (RLIN) 6664
Holdings
Estatus retirado Estado de pérdida Fuente del sistema de clasificación o colocación Estado de daño No para préstamo Biblioteca de origen Biblioteca actual Ubicación en estantería Fecha de adquisición Total de préstamos Signatura topográfica completa Código de barras Visto por última vez Precio de reemplazo Tipo de ítem Koha
    Clasificación Decimal Dewey     Biblioteca LadoV Biblioteca LadoV   12/09/2018   759.986.1 P123f 002371 12/09/2018 12/09/2018 Material 01